El Conflicto social

Shranjeno v:
Bibliografske podrobnosti
Glavni avtor: Rex, John
Format: Texto
Izdano: Madrid: Siglo XXI
Oznake: Označite
Brez oznak, prvi označite!

MARC

LEADER 00000 a a2200000 04500
001 25756
003
040
020 |a 84-323-0505-7  
090 |a 173800  
100 |a Rex, John  
245 |a El Conflicto social  
260 |a Madrid:   |b Siglo XXI  
300 |a 149 p  
999 |c 13653  |d 13653